Stability of time-delay systems /
Guardado en:
| Autor Principal: | |
|---|---|
| Otros Autores: | , |
| Formato: | Libro |
| Idioma: | English |
| Publicado: |
Boston [Mass.] :
Birkhäuser,
c2003.
|
| Materias: | |
| Acceso en línea: | Publisher description Table of contents only |
| Etiquetas: |
Agregar Etiqueta
Sin Etiquetas, Sea el primero en etiquetar este registro!
|
| LEADER | 01021cam a22002775a 4500 | ||
|---|---|---|---|
| 001 | MAT.inmabb006476 | ||
| 008 | 030130s2003####maua#####b####001#0#eng## | ||
| 005 | 20110607164339.0 | ||
| 245 | 1 | 0 | |a Stability of time-delay systems / |c Keqin Gu, Vladimir L. Kharitonov, Jie Chen. |
| 260 | |a Boston [Mass.] : |b Birkhäuser, |c c2003. | ||
| 300 | |a xx, 353 p. : |b il. ; |c 25 cm. | ||
| 504 | |a Incluye referencias bibliográficas (p. [327]-349) e índice. | ||
| 020 | |a 0817642129 | ||
| 020 | |a 3764342129 | ||
| 100 | 1 | |a Gu, Keqin, |d 1957- | |
| 700 | 1 | |a Kharitonov, Vladimir, |d 1950- | |
| 700 | 1 | |a Chen, Jie, |d 1963- | |
| 650 | 0 | |a Automatic control. | |
| 650 | 0 | |a Time delay systems. | |
| 650 | 0 | |a Stability. | |
| 084 | |a 93Dxx |2 msc2000 | ||
| 010 | |a 2003041932 | ||
| 040 | |a DLC |c DLC |d DLC | ||
| 856 | 4 | 2 | |3 Publisher description |u http://www.loc.gov/catdir/enhancements/fy0812/2003041932-d.html |
| 856 | 4 | 1 | |3 Table of contents only |u http://www.loc.gov/catdir/enhancements/fy0812/2003041932-t.html |
| 859 | |h 93 |i G896 |p A-8677 |b BIB. MATEMATICA | ||
